<?xml version="1.0" encoding="UTF-8"?>
<record
    xmlns:xsi="http://www.w3.org/2001/XMLSchema-instance"
    xsi:schemaLocation="http://www.loc.gov/MARC21/slim http://www.loc.gov/standards/marcxml/schema/MARC21slim.xsd"
    xmlns="http://www.loc.gov/MARC21/slim">

  <leader>01081caa a22001812a 4500</leader>
  <controlfield tag="001">  003838</controlfield>
  <controlfield tag="003">  AR-FADEU</controlfield>
  <controlfield tag="008">  311216n########xxu####################dd</controlfield>
  <datafield tag="092" ind1=" " ind2=" ">
    <subfield code="a">303.44</subfield>
    <subfield code="b">M256</subfield>
  </datafield>
  <datafield tag="100" ind1=" " ind2=" ">
    <subfield code="a">Nudler, Oscar</subfield>
  </datafield>
  <datafield tag="245" ind1=" " ind2=" ">
    <subfield code="a">El concepto de desarrollo humano y los sistemas ideol&#xF3;gicos contempor&#xE1;neos</subfield>
  </datafield>
  <datafield tag="300" ind1=" " ind2=" ">
    <subfield code="a">PP. 13-44</subfield>
  </datafield>
  <datafield tag="500" ind1=" " ind2=" ">
    <subfield code="a">EN: El desarrollo humano en la sociedad contempor&#xE1;nea: Obst&#xE1;culos y perspectivas /ed. Mallmann Carlos A. General Roca : Fundaci&#xF3;n BarilocheDe la Patagonia, 1984</subfield>
  </datafield>
  <datafield tag="942" ind1=" " ind2=" ">
    <subfield code="c">BDGR</subfield>
  </datafield>
  <datafield tag="773" ind1="0" ind2=" ">
    <subfield code="0">9664</subfield>
    <subfield code="9">8387</subfield>
    <subfield code="a">Mallmann, Carlos A., comp.</subfield>
    <subfield code="b"></subfield>
    <subfield code="d">General Roca</subfield>
    <subfield code="o">5255</subfield>
    <subfield code="t">El desarrollo humano en la sociedad contempor&#xE1;nea : obstaculos y perspectivas</subfield>
    <subfield code="w">(  AR-FADEU)  003837</subfield>
    <subfield code="x"></subfield>
    <subfield code="z"></subfield>
  </datafield>
  <datafield tag="773" ind1="0" ind2=" ">
    <subfield code="0">9664</subfield>
    <subfield code="9">8388</subfield>
    <subfield code="a">Mallmann, Carlos A., comp.</subfield>
    <subfield code="b"></subfield>
    <subfield code="d">General Roca</subfield>
    <subfield code="o">9396</subfield>
    <subfield code="t">El desarrollo humano en la sociedad contempor&#xE1;nea : obstaculos y perspectivas</subfield>
    <subfield code="w">(  AR-FADEU)  003837</subfield>
    <subfield code="x"></subfield>
    <subfield code="z"></subfield>
  </datafield>
  <datafield tag="773" ind1="0" ind2=" ">
    <subfield code="0">9664</subfield>
    <subfield code="9">8389</subfield>
    <subfield code="a">Mallmann, Carlos A., comp.</subfield>
    <subfield code="b"></subfield>
    <subfield code="d">General Roca</subfield>
    <subfield code="o">22238</subfield>
    <subfield code="t">El desarrollo humano en la sociedad contempor&#xE1;nea : obstaculos y perspectivas</subfield>
    <subfield code="w">(  AR-FADEU)  003837</subfield>
    <subfield code="x"></subfield>
    <subfield code="z"></subfield>
  </datafield>
  <datafield tag="999" ind1=" " ind2=" ">
    <subfield code="c">9665</subfield>
    <subfield code="d">9665</subfield>
  </datafield>
</record>
